<?xml version="1.0" encoding="UTF-8"?>
<collection xmlns="http://www.loc.gov/MARC21/slim">
    <record>
        <controlfield tag="001">7445</controlfield>
        <controlfield tag="005">20150325135954.0</controlfield>
        <datafield tag="037" ind1=" " ind2=" ">
            <subfield code="a">TAZ-TFG-2012-261</subfield>
        </datafield>
        <datafield tag="041" ind1=" " ind2=" ">
            <subfield code="a">spa</subfield>
        </datafield>
        <datafield tag="100" ind1="1" ind2=" ">
            <subfield code="a">Antón Amado, Beatriz</subfield>
        </datafield>
        <datafield tag="245" ind1="0" ind2="0">
            <subfield code="a">Proyecto sobre la aplicación de la herramienta Frax para la determinación del riesgo de fractura de cadera</subfield>
        </datafield>
        <datafield tag="260" ind1=" " ind2=" ">
            <subfield code="a">Zaragoza</subfield>
            <subfield code="b">Universidad de Zaragoza</subfield>
            <subfield code="c">2012</subfield>
        </datafield>
        <datafield tag="506" ind1=" " ind2=" ">
            <subfield code="a">by-nc-sa</subfield>
            <subfield code="b">Creative Commons</subfield>
            <subfield code="c">3.0</subfield>
            <subfield code="u">http://creativecommons.org/licenses/by-nc-sa/3.0/</subfield>
        </datafield>
        <datafield tag="520" ind1=" " ind2=" ">
            <subfield code="a">En nuestro país se estima que la osteoporosis afecta a 3,5 millones de personas y cada año se producen más de 500.000 fracturas osteoporóticas y 80.000 estancias hospitalarias. Los objetivos de este trabajo son diseñar un proyecto de investigación con el que saber los factores de riesgo precipitantes en las fracturas de cadera a través de la escala del FRAX, ver cuáles son los más prevalentes para sugerir un plan de prevención y con ello disminuir el gasto sanitario que este problema conlleva. Se trata de un estudio descriptivo longitudinal con enfoque prospectivo. El estudio se realizará durante el 1 de enero de 2013 y el 31 de diciembre de 2014, en el que la muestra elegida serán los pacientes ingresados por fractura de cadera durante el año 2013 en el servicio de traumatología del Hospital Obispo Polanco de Teruel; una vez obtenidos los datos se elaborarán las conclusiones.</subfield>
        </datafield>
        <datafield tag="521" ind1=" " ind2=" ">
            <subfield code="a">Graduado en Enfermería</subfield>
        </datafield>
        <datafield tag="540" ind1=" " ind2=" ">
            <subfield code="a">Derechos regulados por licencia Creative Commons</subfield>
        </datafield>
        <datafield tag="653" ind1="1" ind2=" ">
            <subfield code="a">osteoporosis, anciano, fractura y cadera.</subfield>
        </datafield>
        <datafield tag="700" ind1=" " ind2=" ">
            <subfield code="a">Valdearcos Enguidanos, Santiago</subfield>
            <subfield code="e">dir.</subfield>
        </datafield>
        <datafield tag="710" ind1="2" ind2=" ">
            <subfield code="a">Universidad de Zaragoza</subfield>
            <subfield code="b"> </subfield>
            <subfield code="c"></subfield>
        </datafield>
        <datafield tag="856" ind1="0" ind2=" ">
            <subfield code="f">599480@celes.unizar.es</subfield>
        </datafield>
        <datafield tag="856" ind1="4" ind2=" ">
            <subfield code="s">582875</subfield>
            <subfield code="u">http://zaguan.unizar.es/record/7445/files/TAZ-TFG-2012-261.pdf</subfield>
            <subfield code="y">Memoria (spa)</subfield>
        </datafield>
        <datafield tag="909" ind1="C" ind2="O">
            <subfield code="o">oai:zaguan.unizar.es:7445</subfield>
            <subfield code="p">trabajos-fin-grado</subfield>
            <subfield code="p">driver</subfield>
        </datafield>
        <datafield tag="950" ind1=" " ind2=" ">
            <subfield code="a"></subfield>
        </datafield>
        <datafield tag="980" ind1=" " ind2=" ">
            <subfield code="a">TAZ</subfield>
            <subfield code="b">TFG</subfield>
            <subfield code="c">ENFTER</subfield>
        </datafield>
    </record>

    
</collection>